000 00388nam a2200145Ia 4500
008 260407s2026 xx 000 0 und d
041 _aeng
082 _a491.468/NET
_b12246
100 _aSOU SADHANA NETANKAR
245 _a125 MATARATHI UATARE V TYAVARIL PRASHANA UTTAR
260 _aPUNE
_bK.SAGAR PUB HOUSE
650 _aGENERAL
650 _aGENERAL
700 _aYOGESHA NETANKAR
999 _c1219738
_d1219738